| 000 | 00909nam a22003257a 4500 | ||
|---|---|---|---|
| 001 | BR8401381 | ||
| 003 | BR-BrBNA | ||
| 005 | 20230928091905.0 | ||
| 007 | ta | ||
| 008 | 230509b bl.||||| |||| 00| 0 por d | ||
| 040 |
_aBR-BrBNA _bpor _cBiblioteca Nacional de Agricultura |
||
| 041 | _a(Por) | ||
| 072 |
_aL73 _b5300 _b4030 _b3872 |
||
| 090 | _ 5300 BR8401381 | ||
| 110 | 1 | _aCiba-geigy Quimica S.A., Sao Paulo, SP (Brasil). Div. Agroquimica | |
| 245 | 1 | _aA sarna suina [acaro, infeccao, contagio, acaricida, controle quimico] | |
| 260 | 3 |
_aSao Paulo, SP (Brasil): _c[nd]. |
|
| 300 | _a8 p. | ||
| 500 | _aPublished 1983? | ||
| 650 | _aSUINO | ||
| 650 | _aACARICIDA | ||
| 650 | _aSARNA ANIMAL | ||
| 650 | _aTRANSMISSAO DE DOENCA | ||
| 650 | _aBIOLOGIA | ||
| 650 | _aSINTOMA | ||
| 650 | _aPULVERIZACAO | ||
| 650 | _aCONTROLE QUIMICO | ||
| 909 |
_a202309 _bLucia _c55 _dLucia Elande |
||
| 942 | _cBK | ||
| 999 |
_c36063 _d36063 |
||